[Event "4NCL Division 3 North"]
[Site "Doncaster, ENG"]
[Date "2019.11.09"]
[Round "1.23"]
[White "Lang, Adam R"]
[Black "Grindrod, John"]
[Result "1-0"]
[WhiteElo "2145"]
[BlackElo "1675"]
[PlyCount "149"]
[EventDate "2019.11.09"]
[WhiteTeam "Bradford DCA Knights A"]
[BlackTeam "Manchester Manticores 4"]

1. e4 e6 2. d4 d5 3. Nc3 Nf6 4. Bg5 Be7 5. e5 Nfd7 6. Bxe7 Qxe7 7. f4 a6 8. Nf3
c5 9. Be2 Nc6 10. Qd2 Nxd4 11. Nxd4 cxd4 12. Qxd4 Qc5 13. O-O-O Qxd4 14. Rxd4
g6 15. Nd1 b5 16. Ne3 h5 17. h4 Bb7 18. c3 Ke7 19. Kd2 Rac8 20. Ra1 Nc5 21. Bd3
Rc7 22. Bc2 Bc6 23. Ke2 Bd7 24. Rad1 Rhc8 25. Kf3 Rh8 26. Rh1 Rcc8 27. Nd1 Bc6
28. Nf2 Nd7 29. Nd3 a5 30. Ra1 Nb6 31. Ke2 Rhd8 32. g3 Bd7 33. Rc1 Rc7 34. Bb1
Rdc8 35. Rg1 Rh8 36. Rg2 Rcc8 37. Kd1 Nc4 38. Re2 Rc7 39. Ke1 Rcc8 40. Kf2 Bc6
41. a3 Bd7 42. Ba2 Nb6 43. Bb3 Be8 44. Ne1 Bd7 45. Nf3 Bc6 46. Rd1 Nd7 47. Nd4
Nc5 48. Bc2 Bd7 49. Bd3 Rb8 50. Ke3 Na4 51. Rc1 Nc5 52. Rec2 Rhc8 53. b4 Nxd3
54. Kxd3 a4 55. Nf3 Rc4 56. Kd2 Rbc8 57. Ne1 R4c7 58. Nd3 Bc6 59. Nc5 Rd8 60.
Ke3 Rcc8 61. Kd4 Ba8 62. Rg1 Rh8 63. Rh2 Kd8 64. g4 Kc7 65. f5 Rce8 66. fxg6
fxg6 67. gxh5 gxh5 68. Rf2 Re7 69. Rg7 Kd8 70. Rf6 Rhe8 71. Rxe7 Rxe7 72. Rf8+
Re8 73. Nxe6+ Kd7 74. Rxe8 Kxe8 75. Nc7+ 1-0

[Event "4NCL Division 3 North"]
[Site "Doncaster, ENG"]
[Date "2019.11.09"]
[Round "1.24"]
[White "Lougheed, Liam"]
[Black "Bak, Christopher"]
[Result "0-1"]
[WhiteElo "1592"]
[BlackElo "2024"]
[PlyCount "70"]
[EventDate "2019.11.09"]
[WhiteTeam "Manchester Manticores 4"]
[BlackTeam "Bradford DCA Knights A"]

1. e4 e5 2. Nf3 Nc6 3. g3 Nf6 4. d3 d5 5. exd5 Qxd5 6. Nc3 Qd6 7. Bg2 Bg4 8.
O-O Rd8 9. Bg5 Be7 10. Qc1 O-O 11. Bxf6 Qxf6 12. Ne4 Qf5 13. Qe3 Qh5 14. h4 f5
15. Nc3 f4 16. Qe4 Kh8 17. Nh2 Rd4 18. Qe1 f3 19. Nxg4 fxg2 20. Kxg2 Rxg4 21.
Ne4 Nd4 22. Rc1 Nf3 23. Qe3 Nxh4+ 24. Kg1 Nf3+ 25. Qxf3 Rxf3 26. Kg2 Qf7 27.
Rce1 Bb4 28. Rd1 h6 29. a3 Ba5 30. b4 Bb6 31. Rd2 Qf4 32. Re2 Bxf2 33. Rfxf2
Rfxg3+ 34. Nxg3 Qxg3+ 35. Kh1 Qg1# 0-1

[Event "4NCL Division 3 North"]
[Site "Doncaster, ENG"]
[Date "2019.11.09"]
[Round "1.25"]
[White "Jennings, Roger W"]
[Black "Beswick, Andrew"]
[Result "1-0"]
[WhiteElo "1998"]
[BlackElo "1532"]
[PlyCount "105"]
[EventDate "2019.11.09"]
[WhiteTeam "Bradford DCA Knights A"]
[BlackTeam "Manchester Manticores 4"]

1. g3 Nf6 2. Bg2 g6 3. b3 Bg7 4. Bb2 O-O 5. Nf3 d6 6. d4 Re8 7. O-O c5 8. dxc5
dxc5 9. c4 Nc6 10. Qxd8 Rxd8 11. Nc3 Bd7 12. Na4 b6 13. Ne5 Rac8 14. Nxd7 Rxd7
15. Rad1 Nd4 16. e3 Ne6 17. Rxd7 Nxd7 18. Bxg7 Kxg7 19. Nc3 Nc7 20. Rd1 Nf6 21.
Kf1 Ne6 22. Ke2 Rd8 23. Rxd8 Nxd8 24. Nb5 a5 25. Nc3 e6 26. Na4 Nd7 27. Kd3 f5
28. e4 Kf6 29. f4 Kf7 30. e5 Ke7 31. Kc3 Kf7 32. a3 Kg7 33. b4 Kh6 34. b5 g5
35. Bc6 Nb8 36. Be8 gxf4 37. gxf4 Kg7 38. Nxb6 Kf8 39. Bh5 Ke7 40. Na4 Nd7 41.
Bf3 Nf7 42. Bc6 Nfxe5 43. fxe5 Nxe5 44. Nxc5 Nxc6 45. bxc6 Kd6 46. c7 Kxc7 47.
Nxe6+ Kd6 48. Nd4 f4 49. Nf3 Kc5 50. Ne1 Kd6 51. Kd4 h6 52. Nd3 f3 53. Ke3 1-0

[Event "4NCL Division 3 North"]
[Site "Doncaster, ENG"]
[Date "2019.11.09"]
[Round "1.26"]
[White "Wilson, Jeff"]
[Black "Nicholson, Jim W R"]
[Result "0-1"]
[WhiteElo "1347"]
[BlackElo "1983"]
[PlyCount "46"]
[EventDate "2019.11.09"]
[WhiteTeam "Manchester Manticores 4"]
[BlackTeam "Bradford DCA Knights A"]

1. e4 c6 2. d4 d5 3. e5 c5 4. c3 Nc6 5. Be3 cxd4 6. cxd4 Bf5 7. Nc3 e6 8. a3
Nge7 9. Nf3 Bg6 10. Be2 Nf5 11. O-O Be7 12. Bf4 O-O 13. Rc1 Rc8 14. Re1 Bh5 15.
Be3 Na5 16. Qa4 Qb6 17. b4 Nc4 18. Nd1 Bxf3 19. Bxf3 Nxd4 20. Bxd4 Qxd4 21. Qd7
Bg5 22. Rc2 Rb8 23. h3 Nxe5 0-1

[Event "4NCL Division 3 North"]
[Site "Doncaster, ENG"]
[Date "2019.11.09"]
[Round "1.31"]
[White "Rita, Joao"]
[Black "Sakic, Lorand"]
[Result "1-0"]
[WhiteElo "2050"]
[BlackElo "2035"]
[PlyCount "63"]
[EventDate "2019.11.09"]
[WhiteTeam "3Cs 2"]
[BlackTeam "Bolton & Worsley"]

1. e4 c5 2. Nf3 d6 3. Bb5+ Nd7 4. O-O a6 5. Bd3 b5 6. c3 Bb7 7. Bc2 Ngf6 8. Qe2
c4 9. b3 Rc8 10. bxc4 bxc4 11. Na3 Qc7 12. Nd4 g6 13. Rb1 d5 14. e5 Nxe5 15.
Rxb7 Nf3+ 16. Qxf3 Qxb7 17. Ba4+ Nd7 18. Re1 Bg7 19. Qg4 h5 20. Qg3 Bf6 21. Qd6
e6 22. Nxe6 fxe6 23. Rxe6+ Kd8 24. Rxf6 Re8 25. Kf1 Qc7 26. Qxd5 Re5 27. Rf8+
Ke7 28. Rf7+ Ke8 29. Bxd7+ Kd8 30. Rf8+ Ke7 31. Qf7+ Kd6 32. Rxc8 1-0

[Event "4NCL Division 3 North"]
[Site "Doncaster, ENG"]
[Date "2019.11.09"]
[Round "1.32"]
[White "Scoular, Adam"]
[Black "Burke, Mitchell R"]
[Result "0-1"]
[WhiteElo "1930"]
[BlackElo "2095"]
[PlyCount "46"]
[EventDate "2019.11.09"]
[WhiteTeam "Bolton & Worsley"]
[BlackTeam "3Cs 2"]

1. e4 c5 2. Nf3 d6 3. c3 Nf6 4. Bb5+ Bd7 5. Bd3 Nc6 6. Bc2 g6 7. O-O Bg7 8. h3
O-O 9. Re1 e5 10. d4 cxd4 11. cxd4 Nh5 12. d5 Ne7 13. g4 Nf4 14. Bxf4 exf4 15.
Nc3 h5 16. Qd2 hxg4 17. hxg4 g5 18. Nh2 Ng6 19. f3 Qb6+ 20. Kh1 Qxb2 21. Ne2
Rac8 22. Rac1 Ba4 23. e5 Rxc2 0-1

[Event "4NCL Division 3 North"]
[Site "Doncaster, ENG"]
[Date "2019.11.09"]
[Round "1.33"]
[White "Adams, Philip"]
[Black "McElvenny, Damien"]
[Result "1/2-1/2"]
[WhiteElo "2042"]
[BlackElo "1757"]
[PlyCount "48"]
[EventDate "2019.11.09"]
[WhiteTeam "3Cs 2"]
[BlackTeam "Bolton & Worsley"]

1. e4 c5 2. Nf3 d6 3. c3 Nf6 4. h3 a6 5. Bd3 e6 6. Bc2 Be7 7. d4 cxd4 8. cxd4
Nbd7 9. O-O O-O 10. Nc3 b5 11. e5 Nd5 12. Nxd5 exd5 13. Qd3 g6 14. Bh6 Re8 15.
Rfe1 Nb6 16. Qe2 Be6 17. b3 Rc8 18. Bd3 dxe5 19. Qxe5 Bf6 20. Qf4 Bg7 21. Re3
Qc7 22. Qh4 f6 23. Bf4 Qd7 24. Rae1 Bf7 1/2-1/2

[Event "4NCL Division 3 North"]
[Site "Doncaster, ENG"]
[Date "2019.11.09"]
[Round "1.34"]
[White "Doherty, Paul"]
[Black "Gittens, Nathan L"]
[Result "1-0"]
[WhiteElo "1742"]
[BlackElo "2012"]
[PlyCount "65"]
[EventDate "2019.11.09"]
[WhiteTeam "Bolton & Worsley"]
[BlackTeam "3Cs 2"]

1. e4 e5 2. Nf3 Nc6 3. Bb5 a6 4. Ba4 d6 5. c3 Nf6 6. Qe2 g6 7. d3 Bg7 8. Na3
O-O 9. h3 b5 10. Bd1 d5 11. Nc2 dxe4 12. dxe4 Na5 13. Bg5 Bb7 14. Bxf6 Qxf6 15.
Nb4 c5 16. Nd3 Qd6 17. g4 f5 18. gxf5 gxf5 19. Nd2 fxe4 20. Nxe4 Bxe4 21. Qxe4
c4 22. Nb4 Rad8 23. O-O Qh6 24. Bg4 Rf4 25. Qg2 e4 26. Rad1 Rdf8 27. Nd5 Nc6
28. Nxf4 Rxf4 29. Rd7 Ne5 30. Re7 Qf6 31. Re8+ Kf7 32. Bh5+ Ng6 33. Rxe4 1-0

[Event "4NCL Division 3 North"]
[Site "Doncaster, ENG"]
[Date "2019.11.09"]
[Round "1.36"]
[White "Busznyak, Arpad"]
[Black "Abbas, Ahmed C"]
[Result "1/2-1/2"]
[WhiteElo "1622"]
[BlackElo "1528"]
[PlyCount "46"]
[EventDate "2019.11.09"]
[WhiteTeam "Bolton & Worsley"]
[BlackTeam "3Cs 2"]

1. d4 Nf6 2. Bf4 g6 3. Nf3 Bg7 4. c3 d6 5. e3 O-O 6. Bd3 c5 7. O-O Qb6 8. Qc2
Be6 9. Nbd2 Nh5 10. Bg5 Qd8 11. Rad1 Bf6 12. Rfe1 Qa5 13. Bh4 Bxh4 14. Nxh4 Ng7
15. e4 cxd4 16. Nb3 Qh5 17. Nf3 dxc3 18. Qxc3 Rc8 19. Qb4 b6 20. Nbd4 Nc6 21.
Qd2 Nxd4 22. Nxd4 Bc4 23. b3 Bxd3 1/2-1/2

[Event "4NCL Division 3 North"]
[Site "Doncaster, ENG"]
[Date "2019.11.09"]
[Round "1.41"]
[White "Cooper, Gavyn"]
[Black "Davison, Colin F S"]
[Result "1-0"]
[WhiteElo "2230"]
[BlackElo "1855"]
[PlyCount "61"]
[EventDate "2019.11.09"]
[WhiteTeam "Shropshire 1"]
[BlackTeam "J'Adoube 2"]

1. d4 e6 2. Nc3 d5 3. Bf4 Bd6 4. e3 Nf6 5. Bd3 a6 6. Nf3 c5 7. dxc5 Bxf4 8.
exf4 Qc7 9. Ne2 Qxc5 10. O-O Nc6 11. c3 Bd7 12. Re1 Qd6 13. Qd2 O-O 14. Rad1
Rfe8 15. Ned4 Rad8 16. Bb1 Ne7 17. Ne5 Bc6 18. Qe3 g6 19. Qg3 Qb8 20. Qh4 Kg7
21. Re3 Qc8 22. Rde1 Bd7 23. Rh3 Neg8 24. g4 Qc5 25. Bc2 Bc8 26. Bd1 Kf8 27. g5
Nd7 28. Nxf7 Kxf7 29. Qxh7+ Kf8 30. Qxg6 e5 31. Rh8 1-0

[Event "4NCL Division 3 North"]
[Site "Doncaster, ENG"]
[Date "2019.11.09"]
[Round "1.42"]
[White "Parry, Samuel"]
[Black "Paul, Nathanael"]
[Result "0-1"]
[WhiteElo "1840"]
[BlackElo "2072"]
[PlyCount "96"]
[EventDate "2019.11.09"]
[WhiteTeam "J'Adoube 2"]
[BlackTeam "Shropshire 1"]

1. d4 d5 2. Nc3 Nf6 3. Bg5 e6 4. e4 Bb4 5. exd5 Qxd5 6. Nf3 c5 7. Bxf6 gxf6 8.
a3 Bxc3+ 9. bxc3 Rg8 10. g3 Bd7 11. Bg2 Bb5 12. Nh4 Qc4 13. Qd3 Nc6 14. Qxc4
Bxc4 15. O-O-O O-O-O 16. dxc5 Rxd1+ 17. Rxd1 Rg5 18. Nf3 Rxc5 19. Nd4 Bd5 20.
Bxd5 Rxd5 21. Nxc6 Rxd1+ 22. Kxd1 bxc6 23. Ke2 Kc7 24. Kd3 Kb6 25. Kc4 c5 26.
g4 Kc6 27. h3 h6 28. a4 a6 29. a5 Kd6 30. f4 Kc6 31. h4 f5 32. gxf5 exf5 33.
Kd3 Kb5 34. h5 f6 35. c4+ Kb4 36. Kd2 Kxc4 37. c3 Kb5 38. Kd3 Kxa5 39. Kc4 Kb6
40. Kb3 c4+ 41. Kxc4 a5 42. Kd5 a4 43. Ke6 a3 44. Kxf5 a2 45. Kg6 a1=Q 46. Kxh6
Qg1 47. Kh7 Kc7 48. h6 Kd7 0-1

[Event "4NCL Division 3 North"]
[Site "Doncaster, ENG"]
[Date "2019.11.09"]
[Round "1.43"]
[White "Hurney, Kevin"]
[Black "Hirst, Joe"]
[Result "1-0"]
[WhiteElo "2012"]
[BlackElo "1810"]
[PlyCount "115"]
[EventDate "2019.11.09"]
[WhiteTeam "Shropshire 1"]
[BlackTeam "J'Adoube 2"]

1. e4 d6 2. d4 Nf6 3. Bd3 c6 4. Ne2 e5 5. O-O Be7 6. c4 a5 7. Nbc3 Na6 8. h3
exd4 9. Nxd4 Nc5 10. Bc2 O-O 11. Be3 Re8 12. Re1 Bf8 13. Bg5 Ne6 14. Bh4 g6 15.
Nf3 Bg7 16. Qd2 Qc7 17. Rad1 Rd8 18. Qe3 b6 19. Bg3 Bf8 20. Rd2 Ba6 21. b3 Nd7
22. Red1 Ne5 23. Na4 Rab8 24. Nxe5 dxe5 25. Rxd8 Nxd8 26. Qg5 Bg7 27. c5 Ne6
28. Qe3 b5 29. Nb6 Nxc5 30. Qxc5 Rxb6 31. f4 Bf8 32. Qe3 c5 33. fxe5 Re6 34.
Qd2 Bb7 35. Bf4 c4 36. Qd8 Qxd8 37. Rxd8 Kg7 38. bxc4 bxc4 39. Kf1 Ba6 40. Ra8
Bb4 41. Kf2 Bb5 42. a4 Be8 43. Rc8 c3 44. Be3 Bd7 45. Rc7 Be8 46. Bd4 Kg8 47.
Rc8 h5 48. Bb3 Re7 49. Ke3 Kh7 50. e6 fxe6 51. Bf6 Rf7 52. e5 Rf8 53. Bxe6 Bxa4
54. Rc7+ Kh6 55. Bg7+ Kg5 56. h4+ Kxh4 57. Bxf8 Bxf8 58. Rc4+ 1-0

[Event "4NCL Division 3 North"]
[Site "Doncaster, ENG"]
[Date "2019.11.09"]
[Round "1.44"]
[White "Connor, Michael I"]
[Black "Jamieson, Ian"]
[Result "0-1"]
[WhiteElo "1802"]
[BlackElo "1990"]
[PlyCount "54"]
[EventDate "2019.11.09"]
[WhiteTeam "J'Adoube 2"]
[BlackTeam "Shropshire 1"]

1. d4 e6 2. c4 f5 3. g4 Bb4+ 4. Bd2 a5 5. gxf5 exf5 6. Bg2 Nf6 7. Nc3 Qe7 8.
Nf3 Bxc3 9. Bxc3 Ne4 10. Rc1 d6 11. O-O Nd7 12. Qd3 Ndf6 13. Nd2 Nxc3 14. Rxc3
O-O 15. f3 f4 16. Rfc1 Nh5 17. e4 Rf6 18. Kf1 Rg6 19. Qe2 b6 20. e5 Qh4 21. Ne4
Qxh2 22. R1c2 Rxg2 23. Qxg2 Bh3 24. Rf2 Qh1+ 25. Ke2 Bxg2 26. exd6 cxd6 27. Rd3
Ng3+ 0-1

[Event "4NCL Division 3 North"]
[Site "Doncaster, ENG"]
[Date "2019.11.09"]
[Round "1.45"]
[White "Bryant, Richard B E"]
[Black "Mills, Colin J"]
[Result "1-0"]
[WhiteElo "1982"]
[BlackElo "1697"]
[PlyCount "149"]
[EventDate "2019.11.09"]
[WhiteTeam "Shropshire 1"]
[BlackTeam "J'Adoube 2"]

1. e4 c5 2. Nc3 e6 3. f4 d5 4. Nf3 a6 5. d3 Nc6 6. g3 Bd6 7. Bg2 Nge7 8. O-O
Rb8 9. Qe1 O-O 10. Nh4 d4 11. Nd1 Nb4 12. Qf2 Ng6 13. Nf3 b6 14. a3 Nc6 15. h4
f5 16. e5 Bc7 17. Ng5 Nce7 18. h5 Nh8 19. Bf3 Nf7 20. Nh3 Nh6 21. Qg2 Qe8 22.
Ndf2 Bd7 23. Bd2 Bc6 24. Ng5 Nd5 25. Rae1 Bd8 26. c4 Ne3 27. Bxe3 Bxf3 28. Qxf3
dxe3 29. Rxe3 Bxg5 30. fxg5 Nf7 31. Nh3 Nd8 32. Nf4 Nc6 33. g6 h6 34. Ne2 Qd7
35. Qg2 Qc7 36. Nf4 Rbe8 37. Rfe1 Nd4 38. Kh2 Re7 39. Rc1 Nc6 40. Qe2 Rd8 41.
Kg2 Nd4 42. Qd1 Nc6 43. Qe1 Kf8 44. b4 Rb8 45. Qc3 Nd4 46. Rb1 Ree8 47. Rf1 Ke7
48. Kh2 Qd8 49. Ne2 Rf8 50. Rf4 Nc6 51. Ref3 Qc7 52. Re3 Rbd8 53. Qb2 Rd7 54.
b5 axb5 55. cxb5 Na5 56. Ra4 Rfd8 57. Nf4 Rd4 58. Rxd4 Rxd4 59. Qf2 Qd7 60. g4
c4 61. gxf5 exf5 62. dxc4 Nxc4 63. Re2 Nxa3 64. Ra2 Rxf4 65. Qxf4 Nxb5 66. Qb4+
Ke6 67. Rb2 Nd4 68. Qxb6+ Kxe5 69. Qc5+ Ke4 70. Rb4 Kd3 71. Qc4+ Ke3 72. Qc3+
Ke4 73. Qe1+ Kf4 74. Qf2+ Ke5 75. Qe3+ 1-0

[Event "4NCL Division 3 North"]
[Site "Doncaster, ENG"]
[Date "2019.11.09"]
[Round "1.46"]
[White "Gissi, Alberto"]
[Black "Higgie, Charles L"]
[Result "0-1"]
[WhiteElo "1592"]
[BlackElo "1982"]
[PlyCount "132"]
[EventDate "2019.11.09"]
[WhiteTeam "J'Adoube 2"]
[BlackTeam "Shropshire 1"]

1. e4 c5 2. Nf3 d6 3. d4 cxd4 4. Nxd4 Nf6 5. Nc3 Nc6 6. Bb5 Bd7 7. O-O a6 8.
Be2 e5 9. Nb3 Be7 10. Be3 O-O 11. a3 Be6 12. Nd2 b5 13. Re1 Qc7 14. Nf1 Na5 15.
Bf3 Nc4 16. Rb1 Nxa3 17. Ra1 Nc4 18. Qc1 Rfc8 19. Rd1 Nxb2 20. Nxb5 Qxc2 21.
Qxc2 Rxc2 22. Rd2 Rxd2 23. Nxd2 Ne8 24. Na7 Nc7 25. Be2 d5 26. exd5 Nxd5 27.
Nc6 Bd6 28. Ne4 Bc7 29. Bc1 Bd7 30. Bxb2 Bxc6 31. Rxa6 Rxa6 32. Bxa6 Nb4 33.
Nc5 Bd6 34. Nb7 Be7 35. Na5 Bd5 36. Be2 e4 37. Nc4 Nd3 38. Nb6 Be6 39. Bd4 Bc5
40. Bxc5 Nxc5 41. Nc4 Bxc4 42. Bxc4 Kf8 43. Kf1 Ke7 44. Ke2 f5 45. Ke3 Kf6 46.
Bb5 Ke5 47. g3 Ne6 48. Bc6 Nd4 49. Bb7 g5 50. f4+ exf3 51. Bxf3 Nxf3 52. Kxf3
Kd4 53. Kf2 Ke4 54. Ke2 g4 55. Kf2 Kd3 56. Kg2 Ke2 57. Kg1 Kf3 58. Kf1 f4 59.
gxf4 Kxf4 60. Kf2 h6 61. Kg2 h5 62. Kf1 Kf3 63. Kg1 h4 64. Kf1 g3 65. hxg3 hxg3
66. Kg1 g2 0-1

[Event "4NCL Division 3 North"]
[Site "Doncaster, ENG"]
[Date "2019.11.09"]
[Round "1.51"]
[White "Carpenter, Martin"]
[Black "Kilshaw, Joe"]
[Result "1/2-1/2"]
[WhiteElo "2032"]
[BlackElo "2029"]
[EventDate "2019.11.09"]
[PlyCount "112"]
[WhiteTeam "Jorvik"]
[BlackTeam "Euwe's North Sea Tigers"]

1.e4 g6 2.d4 Bg7 3.Nc3 c6 4.Be3 d5 5.e5 Nh6 6.h4 Ng4 7.h5 Nxe3 8.fxe3 Qb6 
9.Na4 Qa5+ 10.c3 Bf5 11.hxg6 Bxg6 12.Ne2 Nd7 13.b4 Qc7 14.Nf4 b5 15.Nb2 
Nf8 16.a4 bxa4 17.Qxa4 Nd7 18.b5 Nb6 19.Qb3 O-O 20.bxc6 Qxc6 21.Bb5 Qc7 
22.Nbd3 Rfb8 23.Nc5 Rd8 24.e6 Rdc8 25.exf7+ Bxf7 26.Bd3 h6 27.Bf5 e6 28.
Bh3 Re8 29.O-O Qd6 30.Ra6 e5 31.Nfd3 exd4 32.exd4 Qg3 33.Rf3 Qg5 34.Qa2 
Re3 35.Qf2 Rxf3 36.Qxf3 Rf8 37.Ne6 Bxe6 38.Bxe6+ Kh8 39.Qh3 Qd2 40.Rxa7 
Qxc3 41.Qg3 Qxd4+ 42.Kh2 Nc4 43.Rf7 Rxf7 44.Bxf7 Ne5 45.Bg6 Nxd3 46.Qxd3 
Qh4+ 47.Qh3 Be5+ 48.g3 Bxg3+ 49.Kg2 Qxh3+ 50.Kxh3 Bf4 51.Kg4 Be3 52.Kh5 
Kg7 53.Bd3 Kf6 54.Kg4 Ke5 55.Kf3 d4 56.Kg2 Kf4 1/2-1/2

[Event "4NCL Division 3 North"]
[Site "Doncaster, ENG"]
[Date "2019.11.09"]
[Round "1.52"]
[White "Gardiner, Eric D"]
[Black "White, Mark W"]
[Result "1-0"]
[WhiteElo "1960"]
[BlackElo "2015"]
[EventDate "2019.11.09"]
[PlyCount "69"]
[WhiteTeam "Euwe's North Sea Tigers"]
[BlackTeam "Jorvik"]

1.d4 d5 2.c4 e6 3.Nc3 c6 4.e3 Nf6 5.Nf3 Bd6 6.Qc2 O-O 7.Bd3 Nbd7 8.O-O h6 
9.h3 dxc4 10.Bxc4 e5 11.Rd1 Qe7 12.e4 exd4 13.Nxd4 Ne5 14.Be2 Ng6 15.Nf5 
Bxf5 16.exf5 Qe5 17.Rxd6 Qxd6 18.fxg6 b5 19.Be3 Qe6 20.Bf3 a6 21.Rc1 Rad8 
22.Ne4 Nxe4 23.Qxe4 Qxe4 24.gxf7+ Rxf7 25.Bxe4 Rd6 26.Bxc6 g5 27.Be4 Kg7 
28.f3 Kf6 29.Kf2 Ke6 30.Ke2 Rg7 31.Bc5 Rc7 32.b4 Rd8 33.Ra1 Rcd7 34.Be3 
Rc8 35.g4 1-0

[Event "4NCL Division 3 North"]
[Site "Doncaster, ENG"]
[Date "2019.11.09"]
[Round "1.53"]
[White "Hodge, Steve R"]
[Black "Vleeshhouwer, Douglas"]
[Result "0-1"]
[WhiteElo "2008"]
[BlackElo "1940"]
[EventDate "2019.11.09"]
[PlyCount "94"]
[WhiteTeam "Jorvik"]
[BlackTeam "Euwe's North Sea Tigers"]

1.e4 e5 2.Nf3 Nc6 3.Bb5 a6 4.Ba4 Nf6 5.Qe2 b5 6.Bb3 Be7 7.O-O O-O 8.c3 d5 
9.d3 Be6 10.Nbd2 a5 11.a4 b4 12.Rd1 Rb8 13.c4 d4 14.c5 Bxb3 15.Nxb3 Qd7 
16.Qc2 Qe6 17.Bg5 Nh5 18.Bxe7 Qxe7 19.g3 Qe6 20.Re1 Qh3 21.Qe2 h6 22.Kh1 
g6 23.Rf1 f6 24.Ng1 Qe6 25.Qc2 Kg7 26.Rae1 f5 27.exf5 Qxf5 28.Qe2 Qe6 29.
Qe4 Nf6 30.Nxd4 Nxd4 31.Qxe5 Qxe5 32.Rxe5 Rbe8 33.f4 Rxe5 34.fxe5 Nd7 35.
Re1 Nxc5 36.Rc1 Nxd3 37.Rxc7+ Rf7 38.Rc4 Rd7 39.Nh3 g5 40.Kg2 Nxb2 41.Rc8 
Re7 42.Rc5 Nb3 43.Rd5 Nxa4 44.Nf2 Nc3 45.Rd8 Nc5 46.Ng4 b3 47.Ne3 Rxe5 0-1

[Event "4NCL Division 3 North"]
[Site "Doncaster, ENG"]
[Date "2019.11.09"]
[Round "1.54"]
[White "Carmichael, Ned"]
[Black "Flint, Martina"]
[Result "1-0"]
[WhiteElo "1757"]
[BlackElo "1817"]
[PlyCount "149"]
[EventDate "2019.11.09"]
[WhiteTeam "Euwe's North Sea Tigers"]
[BlackTeam "Jorvik"]

1. c4 g6 2. g3 Bg7 3. Bg2 d6 4. Nc3 e5 5. e3 f5 6. d4 e4 7. f3 exf3 8. Nxf3 Nf6
9. O-O O-O 10. b4 h6 11. Qd3 c6 12. Nh4 Qe8 13. e4 fxe4 14. Nxe4 Nxe4 15. Rxf8+
Qxf8 16. Bxe4 Bf5 17. Nxf5 gxf5 18. Bxf5 Qf6 19. Be3 Na6 20. a3 Re8 21. Rf1 Qe7
22. Re1 Rf8 23. g4 Nc7 24. Bf2 Qf6 25. Re4 d5 26. cxd5 Nxd5 27. Bg3 Qg5 28. h3
Qc1+ 29. Kh2 Qb2+ 30. Re2 Qxd4 31. Qxd4 Bxd4 32. Be6+ Kg7 33. Bxd5 cxd5 34. Rd2
Bc3 35. Rxd5 Rf7 36. Kg2 Re7 37. Kf3 Bb2 38. a4 Bc3 39. b5 Bb2 40. Rc5 Rf7+ 41.
Ke4 Re7+ 42. Kd3 Rd7+ 43. Kc2 Bf6 44. Rc7 Rxc7+ 45. Bxc7 Kf7 46. Kd3 Ke6 47.
Ke4 Bg7 48. Bf4 a6 49. h4 axb5 50. axb5 Bf8 51. Be5 Be7 52. Bg7 Bxh4 53. Bxh6
Bf6 54. g5 Bc3 55. Bf8 Kf7 56. Bc5 Ke6 57. Bd4 Bb4 58. g6 Bd6 59. g7 Kf7 60.
Kd5 Bc7 61. Be5 Bb6 62. Kd6 Ba5 63. Kd7 Kg8 64. Kc8 b6 65. Bd4 Bb4 66. Kc7 Ba5
67. Kc6 Kf7 68. Kd5 Bd2 69. Ke4 Ba5 70. Kd5 Bd2 71. Bxb6 Kxg7 72. Bd4+ Kf7 73.
b6 Ba5 74. b7 Bc7 75. Be5 1-0

[Event "4NCL Division 3 North"]
[Site "Doncaster, ENG"]
[Date "2019.11.09"]
[Round "1.55"]
[White "Cowan, Richard M"]
[Black "Oliver, Bruce R"]
[Result "1-0"]
[WhiteElo "1829"]
[BlackElo "1705"]
[PlyCount "39"]
[EventDate "2019.11.09"]
[WhiteTeam "Jorvik"]
[BlackTeam "Euwe's North Sea Tigers"]

1. e4 g6 2. d4 Bg7 3. f4 c5 4. c3 cxd4 5. cxd4 d6 6. Bb5+ Bd7 7. Bxd7+ Qxd7 8.
Nf3 Nf6 9. Nc3 O-O 10. O-O Qd8 11. Qb3 Qb6 12. Qxb6 axb6 13. e5 dxe5 14. fxe5
Nfd7 15. Nd5 Nc6 16. Bg5 f6 17. e6 fxg5 18. exd7 Nxd4 19. Nxg5 Rfd8 20. Nxe7+
1-0

[Event "4NCL Division 3 North"]
[Site "Doncaster, ENG"]
[Date "2019.11.09"]
[Round "1.56"]
[White "Grice, Alec"]
[Black "Anderson, Paul W"]
[Result "1/2-1/2"]
[WhiteElo "1735"]
[BlackElo "1757"]
[PlyCount "102"]
[EventDate "2019.11.09"]
[WhiteTeam "Euwe's North Sea Tigers"]
[BlackTeam "Jorvik"]

1. e4 d6 2. d4 g6 3. Nc3 Bg7 4. Be3 Nd7 5. f4 e6 6. Nf3 b6 7. Bd3 Bb7 8. O-O
Ngf6 9. h3 O-O 10. Qd2 d5 11. exd5 Nxd5 12. Nxd5 Bxd5 13. Ne5 Nf6 14. Qe1 Qd6
15. c4 Bb7 16. Rd1 Qe7 17. Bd2 Rfd8 18. Bc3 c5 19. dxc5 Qxc5+ 20. Kh2 Qc7 21.
Qh4 Nd7 22. Nxf7 Bxc3 23. Nh6+ Kg7 24. bxc3 Nc5 25. Bc2 Rf8 26. Ng4 Rad8 27.
Qh6+ Kg8 28. Ne5 Qg7 29. Qg5 Rxd1 30. Rxd1 Be4 31. Bxe4 Nxe4 32. Qh4 Qf6 33.
Qxf6 Rxf6 34. g3 Rf8 35. Rd7 Ra8 36. Re7 Nxc3 37. Rxe6 Nxa2 38. Re7 a5 39. Rb7
a4 40. Rxb6 a3 41. Nd3 Nc3 42. Nb4 a2 43. Nc2 a1=Q 44. Nxa1 Rxa1 45. h4 Rc1 46.
Kh3 Ne4 47. Rb7 Rxc4 48. h5 Rc3 49. hxg6 hxg6 50. Kh4 Nxg3 51. Kg5 Rc6 1/2-1/2

[Event "4NCL Division 3 North"]
[Site "Doncaster, ENG"]
[Date "2019.11.09"]
[Round "1.61"]
[White "Crocker, Philip J"]
[Black "Lewis, Christopher D"]
[Result "1-0"]
[WhiteElo "2081"]
[BlackElo "1975"]
[PlyCount "63"]
[EventDate "2019.11.09"]
[WhiteTeam "Spirit of Atticus B"]
[BlackTeam "Shropshire 2"]

1. d4 d5 2. c4 c6 3. Nf3 Nf6 4. e3 e6 5. b3 Bd6 6. Bb2 O-O 7. Bd3 Ne4 8. O-O
Nd7 9. Nc3 f5 10. Ne2 Qf6 11. g3 Kf7 12. Ne1 Qh6 13. Qc1 Qh3 14. f3 Nef6 15.
Ba3 Bxa3 16. Qxa3 g5 17. Ng2 b6 18. Qd6 Bb7 19. Rae1 Rfd8 20. Nef4 gxf4 21.
Nxf4 Qh6 22. Qxe6+ Kg7 23. Qxf5 Kh8 24. e4 dxe4 25. fxe4 Ng8 26. e5 Nf8 27. e6
Ng6 28. Nxg6+ Qxg6 29. Qxg6 hxg6 30. Rf7 Rxd4 31. Bxg6 Nh6 32. Rxb7 1-0

[Event "4NCL Division 3 North"]
[Site "Doncaster, ENG"]
[Date "2019.11.09"]
[Round "1.62"]
[White "Gostelow, David W"]
[Black "Phillips, David A"]
[Result "1/2-1/2"]
[WhiteElo "1952"]
[BlackElo "2068"]
[PlyCount "43"]
[EventDate "2019.11.09"]
[WhiteTeam "Shropshire 2"]
[BlackTeam "Spirit of Atticus B"]

1. d4 Nf6 2. Bf4 c5 3. e3 g6 4. c3 Qb6 5. Qb3 Qxb3 6. axb3 cxd4 7. exd4 d6 8.
Nf3 Bg7 9. Bd3 O-O 10. h3 Nc6 11. O-O Nh5 12. Be3 f5 13. d5 f4 14. Bb6 Ne5 15.
Nxe5 Bxe5 16. Bxa7 f3 17. Be4 fxg2 18. Bxg2 Nf4 19. Nd2 Nxh3+ 20. Bxh3 Bxh3 21.
Rfe1 Bg4 22. Be3 1/2-1/2

[Event "4NCL Division 3 North"]
[Site "Doncaster, ENG"]
[Date "2019.11.09"]
[Round "1.63"]
[White "Johnson, Michael D"]
[Black "Bennion, David"]
[Result "1-0"]
[WhiteElo "1935"]
[BlackElo "1907"]
[PlyCount "113"]
[EventDate "2019.11.09"]
[WhiteTeam "Spirit of Atticus B"]
[BlackTeam "Shropshire 2"]

1. Nf3 d5 2. g3 Nc6 3. d4 f6 4. c4 e6 5. Bg2 dxc4 6. Qa4 Bb4+ 7. Bd2 Qd6 8. a3
Bxd2+ 9. Nbxd2 Bd7 10. Qxc4 Nh6 11. e3 Na5 12. Qc3 Qa6 13. b4 Nc6 14. a4 Qb6
15. Rb1 Ne7 16. Nc4 Qa6 17. b5 Qxa4 18. Rb4 Nd5 19. Rxa4 Nxc3 20. Rb4 Nxb5 21.
Nfd2 c6 22. O-O Ke7 23. Ra1 Rac8 24. Na3 a6 25. Nac4 Nf5 26. Ne4 Rhd8 27. Bh3
Rb8 28. Nc5 g6 29. Nb6 Be8 30. Nc4 h5 31. Rb2 h4 32. g4 Nh6 33. g5 fxg5 34. Ne5
Nf5 35. Ne4 g4 36. Bxg4 Nfxd4 37. exd4 Rxd4 38. f3 Rd5 39. Nc4 Nd4 40. Kf2 Rb5
41. Rd1 Rxb2+ 42. Nxb2 Nf5 43. Nc5 a5 44. Nc4 a4 45. Nb6 a3 46. Bxf5 gxf5 47.
Ra1 Rd8 48. Ke3 f4+ 49. Kxf4 Rd2 50. Rxa3 Rxh2 51. Re3 Bg6 52. Rxe6+ Kf7 53.
Nc4 Kg7 54. Ne5 Bf7 55. Re7 Rg2 56. Rxf7+ Kh8 57. Rf5 1-0

[Event "4NCL Division 3 North"]
[Site "Doncaster, ENG"]
[Date "2019.11.09"]
[Round "1.64"]
[White "Clark, Matthew D H"]
[Black "Mort, Andrew J"]
[Result "1/2-1/2"]
[WhiteElo "1892"]
[BlackElo "1922"]
[EventDate "2019.11.09"]
[PlyCount "38"]
[WhiteTeam "Shropshire 2"]
[BlackTeam "Spirit of Atticus B"]

1.e4 c6 2.d4 d5 3.Nc3 dxe4 4.Nxe4 Nf6 5.Nxf6+ gxf6 6.Nf3 Bf5 7.Bf4 e6 8.
Bd3 Bg6 9.c3 Bd6 10.Bxd6 Qxd6 11.Bxg6 hxg6 12.Qd2 Nd7 13.O-O-O O-O-O 14.
Kb1 Nb6 15.Qe2 Qd5 16.Rhe1 Qf5+ 17.Qe4 Qxe4+ 18.Rxe4 Rh5 19.Kc2 Kc7 
1/2-1/2